000 00808ngm a22002537i 4500
001 IT\ICCU\UBO\3392639
003 ItRI
005 20260124182847.0
008 080313s1997 xxk|||||||||||||||k|||||c
028 4 2 _aDTK061
028 4 2 _aVFB00863
040 _bita
041 7 _ajpn
_aeng
_2ISO-639-2
130 0 _aNagisa no Shindobaddo <film ; 1995>
_3IT\ICCU\UBO\3392663
245 0 0 _aLike grains of sand /
_ca film by Ryosuke Hashiguchi.
260 _aLondon :
_bDTK,
_cc1997
300 _a1 videocassetta (VHS) (ca. 126 min.) :
_bcolor., son
500 _aTit. del contenitore
500 _aLingua: giapponese; sottotitoli: inglese
500 _aFilm del 1995, prod. Giappone
500 _aVietato ai minori di 15 anni.
700 1 _aHashiguchi, Ryosuke
_0IT\ICCU\UBOV\227991
942 _2ddc
_cVM
_n0
999 _c22987
_d22987